header

Development of scheduled castes and scheduled tribes in India (Record no. 58809)

MARC details
000 -LEADER
fixed length control field 01231nam a2200313Ia 4500
245 00 - TITLE STATEMENT
Title Development of scheduled castes and scheduled tribes in India
260 ## - PUBLICATION, DISTRIBUTION, ETC. (IMPRINT)
Place of publication Newcastle, UK :
Name of publisher Cambridge Scholars Pub.,
Year of publication 2008.
300 ## - PHYSICAL DESCRIPTION
Number of Pages x, 210 p.
650 #0 - SUBJECT ADDED ENTRY--TOPICAL TERM
Topical Term Dalits
700 1# - ADDED ENTRY--PERSONAL NAME
Personal name Karade, Jagan.
856 40 - ELECTRONIC LOCATION AND ACCESS
Uniform Resource Identifier http://site.ebrary.com/lib/rucke/Doc?id=10677052

No items available.

© 2026 Rongo University
Contact us: librarian | system librarian | Rongo university